00723cam a22002537a 4500003000500000005001700005008004100022010001000063011001000073020001300083035001000096040000900106082002000115110000800135245006900143260002400212300001900236490005800255650002600313650003200339650001800371700002200389830005800411CHAP20220817043516.0990209d1996 it a rn 00110 eng d a76982 a77954 a10204261 a87729 cCHAP04a628.1bF33 v.102 aFAO10aIrrigation scheme operation and maintenancec/by W. Bart Snellen aRome :bFAO,c1996. a48 p. :bilus. 0aFAO. Manual del agua de riego.pManual de campov; 1014aAgua para irrigacion.14aAguaxAbastecimiento rural.14aIrrigación.0 aSnellen, W. Bart. 0aFAO. Manual del agua de riego.pManual de campov; 10